Programy Masarykových politických stran : Česká strana lidová a Česká strana pokroková : texty z let 1900-1912 /

Korporativní autor: Česká strana lidová
Další autoři: Malínská, Jana, 1958-, Česká strana pokroková
Jazyk: Čeština
Vydáno: Praha : Ústav T.G. Masaryka, o.p.s. :Masarykův ústav a Archiv AV ČR, v.v.i., 2019
Vydání: Vydání první
Edice: Masaryk, Tomáš Garrigue, 1850-1937. Spisy (Masarykův ústav AV ČR : Ústav T.G. Masaryka)
Témata:
Fyzický popis: 642 stran ; 21 cm
Knihy
Uloženo v:
LEADER 02684nam a2200661 i 4500
001 nkc20193082572
003 CZ PrNK
005 20200127093556.0
007 ta
008 190314s2019 xr f 001 0 cze
015 |a cnb003082572 
020 |a 978-80-86142-60-9  |q (Ústav T.G. Masaryka ;  |q vázáno) 
020 |a 978-80-87782-96-5  |q (Masarykův ústav a Archiv AV ČR ;  |q vázáno)  |z 978-80-87782-96-2 
035 |a (OCoLC)1111948115 
040 |a BOA001  |b cze  |e rda 
041 1 |a cze  |h ger 
043 |a e-xr--- 
045 |a x0x1 
072 7 |a 329  |x Politické strany a hnutí  |2 Konspekt  |9 15 
080 |a 329.1/.6  |2 MRF 
080 |a 329.8  |2 MRF 
080 |a (437.3)  |2 MRF 
080 |a (093)  |2 MRF 
080 |a (048.8)  |2 MRF 
245 0 0 |a Programy Masarykových politických stran :  |b Česká strana lidová a Česká strana pokroková : texty z let 1900-1912 /  |c překlady z němčiny: Jana Malínská 
250 |a Vydání první 
264 1 |a Praha :  |b Ústav T.G. Masaryka, o.p.s. :  |b Masarykův ústav a Archiv AV ČR, v.v.i.,  |c 2019 
300 |a 642 stran ;  |c 21 cm 
336 |a text  |b txt  |2 rdacontent 
337 |a bez média  |b n  |2 rdamedia 
338 |a svazek  |b nc  |2 rdacarrier 
490 1 |a Spisy T.G. Masaryka ;  |v svazek 39 
500 |a Částečně přeloženo z němčiny 
504 |a Obsahuje bibliografické odkazy a rejstříky 
610 2 7 |a Česká strana lidová  |7 ko2004264051  |2 czenas 
610 2 7 |a Česká strana pokroková  |7 ko2004264050  |2 czenas 
648 4 |a 1900-1912 
648 7 |a 20. století  |7 ch460558  |2 czenas 
650 0 7 |a politické strany  |7 ph115790  |z Česko  |y 20. století  |2 czenas 
650 0 7 |a politické programy  |7 ph323774  |z Česko  |y 20. století  |2 czenas 
650 0 9 |a political parties  |z Czechia  |y 20th century  |2 eczenas 
650 0 9 |a political programs  |z Czechia  |y 20th century  |2 eczenas 
655 7 |a dokumenty  |7 fd132064  |2 czenas 
655 7 |a prameny  |7 fd131865  |2 czenas 
655 7 |a monografie  |7 fd132842  |2 czenas 
655 9 |a documents  |2 eczenas 
655 9 |a sources  |2 eczenas 
655 9 |a monographs  |2 eczenas 
700 1 |a Malínská, Jana,  |d 1958-  |7 xx0029899  |4 edt  |4 trl 
710 2 |a Česká strana lidová  |7 ko2004264051  |4 aut 
710 2 |a Česká strana pokroková  |7 ko2004264050  |4 aut 
800 1 |a Masaryk, Tomáš Garrigue,  |d 1850-1937.  |t Spisy (Masarykův ústav AV ČR : Ústav T.G. Masaryka)  |0 s 
910 2 |a BOA001  |b 2-1422.769 
990 |a BK 
995 |a 01 
991 |b 201903  |c NOV 
996 6 |b 2610774362  |c 2-1422.769  |l MZK  |r Sklad / do 1 hodiny  |n 0  |p p.v.  |w 001713262  |u 000010  |a 1  |e BOA001  |j MZK50  |s P 
996 7 |b 2610778725  |c 2-1422.769  |l MZK  |r Sklad / do 1 hodiny  |n 3  |p kup  |w 001713262  |u 000020  |a 1  |e BOA001  |j MZK50  |s A